Library Banner

Basic medical sciences : (Record no. 139958)

MARC details
000 -LEADER
fixed length control field 00491nam a22001697a 4500
005 - DATE AND TIME OF LATEST TRANSACTION
control field 20260303103923.0
008 - FIXED-LENGTH DATA ELEMENTS--GENERAL INFORMATION
fixed length control field 260303b |||||||| |||| 00| 0 eng d
020 ## - INTERNATIONAL STANDARD BOOK NUMBER
International Standard Book Number 9789696375692 (pbk)
040 ## - CATALOGING SOURCE
Transcribing agency PK-LaUMT
082 ## - DEWEY DECIMAL CLASSIFICATION NUMBER
Classification number 610.76
Item number ATI-B
100 ## - MAIN ENTRY--PERSONAL NAME
Personal name Atiq ur Rehman
245 ## - TITLE STATEMENT
Title Basic medical sciences :
Remainder of title anatomy, physiology & biochemistry with MCQs /
Statement of responsibility, etc by Atiq ur Rehman
250 ## - EDITION STATEMENT
Edition statement 2nd ed.
260 ## - PUBLICATION, DISTRIBUTION, ETC. (IMPRINT)
Place of publication, distribution, etc Karachi :
Name of publisher, distributor, etc Paramount Books,
Date of publication, distribution, etc 2024
300 ## - PHYSICAL DESCRIPTION
Extent 350 p.
942 ## - ADDED ENTRY ELEMENTS (KOHA)
Koha item type Books
Holdings
Withdrawn status Lost status Damaged status Home library Current library Date acquired Full call number Barcode Date last seen Price effective from Koha item type Copy number
      UMT Health Sciences Campus UMT Health Sciences Campus 2026-03-03 610.76 ATI-B 152095 2026-03-03 2026-03-03 Books  
      UMT Health Sciences Campus UMT Health Sciences Campus 2026-03-03 610.76 ATI-B 152096 2026-03-03 2026-03-03 Books C.2
      UMT Health Sciences Campus UMT Health Sciences Campus 2026-03-03 610.76 ATI-B 152097 2026-03-03 2026-03-03 Books C.3
      UMT Health Sciences Campus UMT Health Sciences Campus 2026-03-03 610.76 ATI-B 152098 2026-03-03 2026-03-03 Books C.4
      UMT Health Sciences Campus UMT Health Sciences Campus 2026-03-03 610.76 ATI-B 152099 2026-03-03 2026-03-03 Books C.5